| 000 | 00600nam a2200169Ia 4500 | ||
|---|---|---|---|
| 020 | _a9698125019(hb) | ||
| 082 |
_a954.915 _bHAS _cL-30, P-212 |
||
| 100 |
_aUsman Hassan, Mohammad _946517 |
||
| 245 |
_aMehergarh: _bthe oldest civilization in South Asia _cUsman Hassan, Mohammad |
||
| 260 |
_aRawalpindi: _bArmy Education Press, _c1992 |
||
| 300 | _a123p. :ill. | ||
| 526 |
_a0 _b0 _c0 _d954_915000000000000_HAS |
||
| 526 |
_a0 _b0 _c0 _d954_915000000000000_HAS |
||
| 650 |
_aBaluchistan (Pakistan) -- History _946436 |
||
| 650 |
_aMehergarh -- Baluchistan (Pakistan) -- History _946518 |
||
| 942 |
_2ddc _cBK |
||
| 999 |
_c549835 _d549835 |
||